ARRUPE JESUIT UNIVERSITY

CORONAVIRUS -STOP THE SPREAD - CLEAN,DISINFECT,COVER

Philosophy and social issues : (Record no. 125947)

MARC details
000 -LEADER
fixed length control field 00824cam a2200253 i 4500
001 - CONTROL NUMBER
control field 3226028
003 - CONTROL NUMBER IDENTIFIER
control field ARRUPE
005 - DATE AND TIME OF LATEST TRANSACTION
control field 20170111152527.0
008 - FIXED-LENGTH DATA ELEMENTS--GENERAL INFORMATION
fixed length control field 790706s1980 inu b 000 0 eng
010 ## - LIBRARY OF CONGRESS CONTROL NUMBER
LC control number 79009486
020 ## - INTERNATIONAL STANDARD BOOK NUMBER
International Standard Book Number 026801535X :
Terms of availability $18.95
020 ## - INTERNATIONAL STANDARD BOOK NUMBER
International Standard Book Number 0268015368 (pbk.) :
Terms of availability $6.95
040 ## - CATALOGING SOURCE
Original cataloging agency DLC
Transcribing agency DLC
Modifying agency DLC
050 00 - LIBRARY OF CONGRESS CALL NUMBER
Classification number HN18
Item number .W37
082 00 - DEWEY DECIMAL CLASSIFICATION NUMBER
Classification number 362/.042
300 ## - PHYSICAL DESCRIPTION
Dimensions 24 cm.
100 1# - MAIN ENTRY--PERSONAL NAME
Personal name Wasserstrom, Richard A.
9 (RLIN) 28251
245 10 - TITLE STATEMENT
Title Philosophy and social issues :
Remainder of title five studies /
Statement of responsibility, etc Richard A. Wasserstrom.
260 ## - PUBLICATION, DISTRIBUTION, ETC. (IMPRINT)
Place of publication, distribution, etc Notre Dame, Ind. :
Name of publisher, distributor, etc University of Notre Dame Press,
Date of publication, distribution, etc c1980.
300 ## - PHYSICAL DESCRIPTION
Extent x, 187 p. ;
504 ## - BIBLIOGRAPHY, ETC. NOTE
Bibliography, etc Includes bibliographical references.
650 #0 - SUBJECT ADDED ENTRY--TOPICAL TERM
Topical term or geographic name as entry element Social problems
General subdivision Moral and ethical aspects.
9 (RLIN) 28252
906 ## - LOCAL DATA ELEMENT F, LDF (RLIN)
a 7
b cbc
c orignew
d 1
e ocip
f 19
g y-gencatlg
942 ## - ADDED ENTRY ELEMENTS (KOHA)
Source of classification or shelving scheme Library of Congress Classification
Koha item type Monograph ( Printed materials)
Holdings
Withdrawn status Lost status Source of classification or shelving scheme Damaged status Not for loan Collection code Home library Current library Shelving location Date acquired Total Checkouts Full call number Barcode Date last seen Price effective from Koha item type
    Library of Congress Classification     Main Collection ARRUPE LIBRARY ARRUPE LIBRARY Main Collection 11/01/2017   HN18 .W37 46500021866 30/04/2018 11/01/2017 Monograph ( Printed materials)

 

Arrupe Library. PO Box MP320 Mt Pleasant, Harare, Zimbabwe
263 242 745411|librarian@aju.ac.zw